Napoli velata /

Đã lưu trong:
Chi tiết về thư mục
Tác giả chính: Catalano, Pasquale (Nhà soạn nhạc)
Tác giả khác: Recano, Carmine (Diễn viên), Barra, Peppe (Diễn viên), Santella, Valia (Người viết kịch bản), Pagano, Angela (Diễn viên), Romoli, Gianni (Người viết kịch bản), Sastri, Lina (Diễn viên), Bonaiuto, Anna (Diễn viên), Mezzogiorno, Giovanna (Diễn viên), Ranieri, Luisa, (1973- ) (Diễn viên), Ozpetek, Ferzan (Giám đốc), Borghi, Alessandro, (1986-) (Diễn viên), Santella, Maria Luisa (Diễn viên), Calzone, Maria Pia (Diễn viên), Ferrari, Isabella, (1964- ) (Diễn viên), Corticelli, Gianfilippo (Nhiếp ảnh gia), Cannata, Loredana (Diễn viên)
Định dạng: Luận văn Slide
Ngôn ngữ:Tiếng Italy
Được phát hành: [Milano] : Warner Bros. Entertainment Italia, c2018
Các nhãn: Thêm thẻ
Không có thẻ, Là người đầu tiên thẻ bản ghi này!

MARC

LEADER 00000ngm a22000007i 4500
001 IT\ICCU\RAV\2076842
003 ItRI
005 20260124182822.0
008 180530s2018 it |||||||||||||||k|||||c
024 3 1 |a 5051891159051 
028 3 2 |a 18PD0023 
028 4 2 |a 1000711747 
028 4 2 |a 5000250436 
040 |b ita 
041 7 |a ita  |2 ISO-639-2 
130 0 |a Napoli velata <film ; 2017>  |3 IT\ICCU\RAV\2076844 
245 0 0 |a Napoli velata /  |c [regia di] Ozpetek ; [con] Giovanna Mezzogiorno, Alessandro Borghi ; [con] Anna Bonaiuto ... [et al.] ; [fotografia Gian Filippo Corticelli ; musica Pasquale Catalano ; soggetto e sceneggiatura Gianni Romoli, Valia Santella, Ferzan Ozpetek]. 
260 |a [Milano] :  |b Warner Bros. Entertainment Italia,  |c c2018 
300 |a 1 DVD-Video (circa 107 min) :  |b color., sonoro 
500 |a Titolo del contenitore 
500 |a Produzione cinematografica Italia 2017 
500 |a Sottotitoli: italiano non udenti, inglese 
500 |a Altri interpreti: Peppe Barra, Biagio Forestieri, Luisa Ranieri, Maria Pia Calzone, Carmine Recano, Angela Pagano, Maria Luisa Santella, Loredana Cannata, Lina Sastri, Isabella Ferrari 
500 |a Caratteristiche tecniche: regione 2; video 2.35:1, 16/9 adatto ad ogni tipo di tv; audio Dolby digital 5.1 
500 |a Contenuti speciali: commento del regista; backstage; gag; scene eliminate 
500 |a In contenitore 19 cm 
500 |a Premio David di Donatello 2018 
502 |a Contenuti speciali: Commento del regista; Backstage; Gag sul set; Scene eliminate 
700 1 |a Recano, Carmine  |0 IT\ICCU\CAGV\309715  |4 act 
700 1 |a Barra, Peppe  |0 IT\ICCU\CFIV\063633  |4 act 
700 1 |a Santella, Valia  |0 IT\ICCU\MODV\333225  |4 sce 
700 1 |a Pagano, Angela  |0 IT\ICCU\PALV\005003  |4 act 
700 1 |a Romoli, Gianni  |0 IT\ICCU\RAVV\054362  |4 sce 
700 1 |a Sastri, Lina  |0 IT\ICCU\RAVV\089554  |4 act 
700 1 |a Bonaiuto, Anna  |0 IT\ICCU\RAVV\104151  |4 act 
700 1 |a Mezzogiorno, Giovanna  |0 IT\ICCU\RAVV\221220  |4 act 
700 1 |a Ranieri, Luisa,  |d  (1973- )  |0 IT\ICCU\RAVV\329306  |4 act 
700 1 |a Ozpetek, Ferzan  |0 IT\ICCU\REAV\096588  |4 drt 
700 1 |a Borghi, Alessandro,  |d  (1986-)  |0 IT\ICCU\RT1V\025626  |4 act 
700 1 |a Santella, Maria Luisa  |0 IT\ICCU\SBLV\163714  |4 act 
700 1 |a Calzone, Maria Pia  |0 IT\ICCU\UBOV\059817  |4 act 
700 1 |a Ferrari, Isabella,  |d  (1964- )  |0 IT\ICCU\UBOV\547028  |4 act 
700 1 |a Corticelli, Gianfilippo  |0 IT\ICCU\UBOV\548035  |4 pht 
700 1 |a Cannata, Loredana  |0 IT\ICCU\UBOV\561658  |4 act 
700 1 |a Catalano, Pasquale  |0 IT\ICCU\UBOV\783848  |4 cmp 
790 1 |a Barra, Beppe  |3 IT\ICCU\SBNV\025103  |z Barra, Peppe 
790 1 |a Barra, Giuseppe  |3 IT\ICCU\SBNV\025104  |z Barra, Peppe 
790 1 |a Özpetek, Ferzan  |3 IT\ICCU\CFIV\339778  |z Ozpetek, Ferzan 
790 1 |a Abbate, Maria Luisa  |3 IT\ICCU\AUFV\000453  |z Santella, Maria Luisa 
790 1 |a Corticelli, Gian Filippo  |3 IT\ICCU\SBNV\028278  |z Corticelli, Gianfilippo 
942 |2 ddc  |c VM  |n 0 
952 |0 0  |1 0  |4 0  |6 VO_2371_000000000000000  |7 0  |9 26876  |a BO  |b BO  |d 2026-01-24  |i 19168  |l 0  |o VO 2371  |p BO19168  |r 2026-01-24 18:28:22  |w 2026-01-24  |x [Sebina 5] [1 v.]  |y VM  |z 1 dvd 
999 |c 22732  |d 22732